L'art comme communication : Pour une re-définition de l'art (notice n° 2186480)
[ vue normale ]
| 000 -LEADER | |
|---|---|
| fixed length control field | 00964cam a2200145 4500500 |
| 005 - DATE AND TIME OF LATEST TRANSACTION | |
| control field | 20260405064234.0 |
| 041 ## - LANGUAGE CODE | |
| Language code of text/sound track or separate title | fre |
| 042 ## - AUTHENTICATION CODE | |
| Authentication code | dc |
| 100 10 - MAIN ENTRY--PERSONAL NAME | |
| Personal name | Doguet, Jean-Paul |
| Relator term | author |
| 245 00 - TITLE STATEMENT | |
| Title | L'art comme communication : Pour une re-définition de l'art |
| 260 ## - PUBLICATION, DISTRIBUTION, ETC. | |
| Name of publisher, distributor, etc. | Armand Colin,<br/> |
| Date of publication, distribution, etc. | 2007.<br/> |
| 520 ## - SUMMARY, ETC. | |
| Summary, etc. | Une contribution au débat sur « la fin » ou « la crise » de l'art. Une thèse : l'art n'est pas un langage, mais une forme spécifique de communication.Cet essai examine l'essence de cette communication, et ce qui la différencie de la communication par le langage articulé, autour de trois problèmes distincts : la relation de l'art à la technique, la nature de l'oeuvre, la nature de ce qui est communiqué par l'art et le lien que celui-ci entretient avec les débats esthétiques. |
| 700 10 - ADDED ENTRY--PERSONAL NAME | |
| Personal name | Daguet, Jean-Paul |
| Relator term | author |
| 856 41 - ELECTRONIC LOCATION AND ACCESS | |
| Uniform Resource Identifier | <a href="https://shs.cairn.info/l-art-comme-communication--9782200347055?lang=fr&redirect-ssocas=7080">https://shs.cairn.info/l-art-comme-communication--9782200347055?lang=fr&redirect-ssocas=7080</a> |
Pas d'exemplaire disponible.




Réseaux sociaux